| 000 | 00464nam a22001337a 4500 | ||
|---|---|---|---|
| 999 |
_c6708 _d6708 |
||
| 008 | 200324b ||||| |||| 00| 0 eng d | ||
| 020 | _a9987-423-16-7 | ||
| 082 | _2370 NYE | ||
| 245 |
_aNyerere on Education, Nyerere Kuhusu Elimu: _bSelected Essays and Speeches 1961-1997/ _cEdited by Elieishi Lema, Issa Omari, Rakesh Rajani.- _hEnglish. |
||
| 260 |
_aDar Es Salaam: _bHakielimu, _c2006. |
||
| 300 |
_axiii, 212p; _c21cm.- |
||
| 650 | _2EDUCATION | ||
| 942 |
_2ddc _cBOOKS |
||